000
00332nam a22001577a 4500
003
SGT
020
_a
9789351430438
082
_a
510,KRI
100
_a
KRISHNA,DEEPU
245
_a
MATHEMATICS: CLAT STUDY KIT
250
_a
1ST
260
_a
GURGAON
_b
LEXIS NEXIS
_c
2014
300
_a
278
650
_a
MATHEMATICS
942
_2
ddc
_c
BK
999
_c
9738
_d
9738